| 000 | 00616nam a22002177a 4500 | ||
|---|---|---|---|
| 003 | ITZ | ||
| 005 | 20240304144724.0 | ||
| 008 | 240304b |||||||| |||| 00| 0 spa d | ||
| 020 | _a978-607-538-636-2 | ||
| 035 | _a17697 | ||
| 041 | _aspa | ||
| 050 |
_aT385 _bG67 |
||
| 082 |
_a620.004.2 _bG586g |
||
| 100 | 1 | _aGómez González, Sergio | |
| 245 |
_aEl gran libro de SOLIDWORKS _cSergio Gómez González |
||
| 250 | _a3° ed. | ||
| 260 |
_aMéxico _bAlfaomega _c2021 |
||
| 300 |
_a965 p. _bil. / _c23 cm. |
||
| 650 | _a1. SOLIDWORKS (PROGRAMA PARA COMPUTADORA) \ 2. DISEÑO ASISTIDO POR COMPUTADORA | ||
| 942 | _cBK | ||
| 999 |
_c29313 _d29313 |
||